عرض عادي عرض مارك
  • نجد (السعودية)

مدخل إسم جغرافي

عدد التسجيلات المستخدمة في: 7

001 - رقم الضبط

  • حقل الضبط: 18

003 - معرف رقم الضبط

  • حقل الضبط: OSt

005 - تاريخ ووقت أخر عملية

  • حقل الضبط: 20110530030418.0

008 - عناصر بيانات ثابتة الطول

  • حقل تحكم ثابت الطول: 110530|||a|||||| | ||| d

040 ## - مصدر الفهرسة

  • هيئة الفهرسة الأصلية: OSt
  • وكالة الكتابة: OSt

151 ## - مدخل-- مصطلح تاريخي

  • اسم جغرافي: نجد (السعودية)
  • تفريع عام: تاريخ

670 ## - بيانات المصدر موجوده

  • الاستشهاد بالمصدر: Work cat.: (OSt)4342: الإيجاز في تاريخ البصرة والأحساء ونجد والحجاز 1-1385 هـ / 622-1965 م /, 2009